Online
Catalog

Manuel Vicente Romero Garcia / (Record no. 19376)

MARC details
000 -CABECERA
campo de control de longitud fija 00765cam a22001931 4500
001 - NÚMERO DE CONTROL
campo de control 000019863
005 - FECHA Y HORA DE LA ÚLTIMA TRANSACCIÓN
campo de control 20200929170152.0
008 - DATOS DE LONGITUD FIJA--INFORMACIÓN GENERAL
campo de control de longitud fija 750115s1966 ve 000 0 spa
040 ## - FUENTE DE LA CATALOGACIÓN
Centro catalogador/agencia de origen DO-SdBNP
Lengua de catalogación spa
Centro/agencia transcriptor BNPHU
100 1# - ENTRADA PRINCIPAL--NOMBRE DE PERSONA
Nombre de persona Romero Garcia, Manuel Vicente,
Fechas asociadas al nombre 1865-1917.
9 (RLIN) 25524
245 10 - MENCIÓN DE TÍTULO
Título Manuel Vicente Romero Garcia /
Mención de responsabilidad, etc. Manuel Vicente Romero Garcia ; Estudio preliminar de Efrain Subero.
260 ## - PUBLICACIÓN, DISTRIBUCIÓN, ETC.
Lugar de publicación, distribución, etc. Caracas,Venezuela :
Nombre del editor, distribuidor, etc. Italgrafica,
Fecha de publicación, distribución, etc. 1966.
300 ## - DESCRIPCIÓN FÍSICA
Extensión lv, 375 p. ;
Dimensiones 23 cm.
490 1# - MENCIÓN DE SERIE
Mención de serie Clasicos venezolanos
Designación de volumen o secuencia 13
505 0# - NOTA DE CONTENIDO CON FORMATO
Título Peonia --
-- Marcelo --
-- Mi general --
-- Prosa dispersa --
-- Credo --
-- Acuarelas --
-- Epistolario
700 1# - PUNTO DE ACCESO ADICIONAL--NOMBRE DE PERSONA
Nombre de persona Subero, Efrain,
Fechas asociadas al nombre 1931-
Término indicativo de función/relación ed.
9 (RLIN) 8785
830 #0 - PUNTO DE ACCESO ADICIONAL DE SERIE-TÍTULO UNIFORME
Título uniforme Clasicos venezolanos
Designación de volumen o secuencia 13.
9 (RLIN) 40046
910 ## - DATOS DE OPCIÓN DEL USUARIO (OCLC)
Datos de opción del usuario Catalogación derivada / LC
Holdings
Estado de retiro Estado de pérdida Restricciones de uso No para préstamo Código de colección Localización permanente Ubicación/localización actual Ubicación en estantería Fecha de adquisición Número de inventario Total de préstamos Signatura topográfica completa Código de barras Fecha visto por última vez Precio válido a partir de Tipo de ítem Koha
      Excluido de préstamo Monografías: Libros y Folletos General General En catalogación 08.07.2010 LF1   19863-10 25.06.2020 25.06.2020 No se presta

Powered by Koha